| 000 | 00666nam a22002297a 4500 | ||
|---|---|---|---|
| 005 | 20170124105919.0 | ||
| 010 | _aA-997979 | ||
| 020 |
_c00 _a8185569260 |
||
| 035 | _aA-997979 | ||
| 037 | _bCen Lib/Ret | ||
| 040 |
_aDPL _bEN |
||
| 082 |
_a346.0134 _bJUS |
||
| 245 |
_aJustice for women : _cedited by Indira Jaisingh _bpersonal laws, women's rights and law reforms / |
||
| 246 | _b | ||
| 260 |
_bThe Other India Press _c1996 _aGoa |
||
| 270 |
_bGoa _amapusa _e403507 |
||
| 300 |
_av, 363p. _c20cm(Hb) |
||
| 650 |
_aLaw _9104 |
||
| 650 |
_aWomen's Rights _93897 |
||
| 700 |
_aJaisingh, Indira _93898 |
||
| 942 |
_2ddc _cEN _h346.0134 _mJUS |
||
| 999 |
_c123054 _d123054 |
||